00303nam a2200109Ia 4500008004100000082001600041100002500057245002800082260005300110300001500163600001500178250604s9999 xx 000 0 und d a891.439 SIR aSiraj, Naseema Binte 0aBecharey (بیچارے) aKarachi:bKhawaja Printers and Publishers,c2005 axii, 240p. aLiterature